000 00731nam a2200265Ia 4500
005 20260302115336.0
008 008 260114s9999 xx 000 0 eng d
020 _a9781350393608
037 _aTextbook
040 _aCRL
040 _beng
040 _cCRL
041 _2eng
041 _aeng
084 _qCRL
100 _aCatherine Belsey, Jane Moore
_91121359
245 4 _aThe Feminist Reader Essays in Gender and the Politics of Literary Criticism
260 _bBloomsbury
260 _bBloomsbury Academic
260 _c1997
650 _aLiterary Studies
856 _uhttps://doi.org/10.5040/9781350393608?locatt=label:secondary_bloomsburyCollections
942 _cEBOOK
999 _c1685865
_d1685865